Primeros auxilios (Registro nro. 474)

Detalles MARC
000 -Cabecera
Campo de control de longitud fija 00544aam a2200229 4500
005 - Fecha y hora de la última transacción
Campo de control 20250918154029.0
008 - Elementos de longitud fija--Información general
Campo de control de longitud fija 150312b1992 xxu||||| |||| 00| 0 spa d
020 ## - International Standard Book Number
Número Internacional Estándar del Libro (ISBN) 8475619533
041 ## - Idioma
Código de idioma Español
082 ## - Clasificación Decimal Dewey
Número de clasificación 617.026 L327p2
100 ## - Entrada principal--Autor personal
Nombre personal Laredo, Arturo
9 (RLIN) 17884
245 ## - Título propiamente dicho
Título Primeros auxilios
250 ## - Edición
Mención de edición 2 edición
260 ## - Pie de imprenta
Lugar de publicación, distribución, etc. España
260 ## - Pie de imprenta
Nombre del editor, distribuidor, etc. Editors S.A
260 ## - Pie de imprenta
Fecha de publicación, distribución, etc. 1992
300 ## - Descripción física
Extensión 158 páginas
490 ## - Serie
Título de la Serie Investigación Criminal
490 ## - Serie
Título de la Serie Temática General
650 ## - Materia general
Temática (materia general) Primeros auxilios
942 ## - Punto de acceso adicional KOHA
Tipo de ítem KOHA Libro
Fuente del sistema de clasificación o colocación Dewey Decimal Classification
Existencias
Signatura completa Código de barras Programa Académico Tipo de ítem
617.026 L327p2 1067   Libro